000 006090000a22001810004500
999 _c54139
_d54139
001 768714001
003 CO-MdFUSB
005 20170814085136.0
008 170812s2000 xxu||||| |||| 00| 0 eng d
022 _a0098-9444
040 _aCO-MdFUSB
_bspa
_cCO-MdFUSB
_dCO-MdFUSB
041 _aeng
245 1 0 _aAntiquites director Throws BAR for a loop :
_bdrori suddenly calls it quits
300 _aVolumen 26. Número 5 (2000), Páginas 6; 76
_c28 cm.
546 _aTexto en inglés
773 0 _tBiblical Archaeology Review
_049395
_959472
_gVolumen 26. Número 5 (2000), Páginas 6; 76
_qPágina 6
942 _cANA